| 000 | 00845nam a2200253 i 4500 | ||
|---|---|---|---|
| 001 | 15112 | ||
| 003 | ES-MaACL | ||
| 005 | 20250908234452.0 | ||
| 007 | t| | ||
| 008 | 991222s1999 sp |||| | spa d | ||
| 020 | _a84-8191-219-0 | ||
| 080 | _a179.7 | ||
| 100 | 1 |
_aAméry, Jean. _921207 |
|
| 245 | 1 | 0 |
_aLevantar la mano sobre uno mismo _b: discurso sobre la muerte voluntaria / _cJean Améry ; versión castellana de Marisa Siguan Boehmer y Eduardo Aznar Anglés. |
| 260 |
_aValencia : _bPre-Textos, _c[1999] |
||
| 300 |
_a152 p. ; _c19 cm. |
||
| 490 | 1 |
_aPre-textos. Ensayo ; _v378 |
|
| 650 | 1 | 7 |
_aSuicidio _2embne _917259 |
| 700 | 1 |
_aAznar Anglés, Eduardo. _924304 |
|
| 700 | 1 |
_aSiguán, Marisa, _d1954- _9106314 |
|
| 830 | 0 |
_aPre-textos. Ensayo ; _v378 _9179721 |
|
| 852 |
_aES-MaACL _jL-22278 |
||
| 999 |
_c15112 _d15112 |
||